Trevisan International Art presenta Liberated Dreams : (Record no. 190542)
[ view plain ]
| 000 -LEADER | |
|---|---|
| campo de control de longitud fija | 01020nam a2200229 i 4500 |
| 001 - NÚMERO DE CONTROL | |
| campo de control | 190542 |
| 003 - IDENTIFICADOR DE NÚMERO DE CONTROL | |
| campo de control | ES-MaACL |
| 005 - FECHA Y HORA DE LA ÚLTIMA TRANSACCIÓN | |
| campo de control | 20240118102721.0 |
| 008 - DATOS DE LONGITUD FIJA--INFORMACIÓN GENERAL | |
| campo de control de longitud fija | 210820s2012 it a 000 0 eng d |
| 245 00 - MENCIÓN DEL TÍTULO | |
| Título | Trevisan International Art presenta Liberated Dreams : |
| Resto del título | mostra internazionale d'arte : sale dell'imbarcadero Castello Estense, Ferrara-Italia, 21-29.04.12 / |
| Mención de responsabilidad, etc. | a cura di Paola Trevisan. |
| 246 3# - FORMA VARIANTE DEL TITULO | |
| Título propio/Titulo breve | Liberated Dreams : |
| Resto del título | mostra internazionale d'arte |
| 260 ## - PUBLICACIÓN, DISTRIBUCIÓN, ETC. | |
| Lugar de publicación, distribución, etc. | [Roma : |
| Nombre del editor, distribuidor, etc. | Trevisan International Art, |
| Fecha de publicación, distribución, etc. | 2012] ( |
| Lugar de fabricación/manufactura | Rovigo : |
| Fabricante | Crearte) |
| 300 ## - DESCRIPCIÓN FÍSICA | |
| Extensión | 163 p. : |
| Otras características físicas | principalmente il col. ; |
| Dimensiones | 21 x 21 cm. |
| 546 ## - NOTA DE IDIOMA | |
| Nota de lengua/lenguaje | Introducción en italiano e inglés; texto en inglés. |
| 650 #4 - PUNTO DE ACCESO ADICIONAL DE MATERIA--TÉRMINO DE MATERIA | |
| Término de materia o nombre geográfico como elemento de entrada | Arte- |
| Subdivisión cronológica | S.XXI- |
| Subdivisión de forma | Exposiciones. |
| 9 (RLIN) | 167167 |
| 655 #7 - TERMINO DE INDIZACIÓN--GENERO/FORMA | |
| Fuente del término | tgfbne |
| 9 (RLIN) | 193628 |
| Datos o término principal de género/forma | Catálogos de exposiciones |
| 700 1# - ENTRADA AGREGADA--NOMBRE PERSONAL | |
| Nombre de persona | Trevisan, Paola. |
| 9 (RLIN) | 167163 |
| 710 2# - ENTRADA AGREGADA--NOMBRE DE ENTIDAD CORPORATIVA | |
| Nombre de entidad corporativa o nombre de jurisdicción como elemento de entrada | Trevisan International Art. |
| 9 (RLIN) | 173376 |
| 852 4# - LOCALIZACIÓN | |
| Ubicación | ES-MaACL |
| Número de control de estantería | A-14748 |
| itemnumber | 197720 |
| Sublocalización o colección | R.151981 |
| Ubicación en estantería | Depósito 1 |
| Signatura antigua | Olim: N-7748 |
| Donativo/Legado | Donacion: Editorial |
| 942 ## - ELEMENTOS DE ENTRADA SECUNDARIOS (KOHA) | |
| Fuente del sistema de clasificación o colocación | Clasificación decimal universal |
| Estatus retirado | Estado de pérdida | Fuente del sistema de clasificación o colocación | Estado de daño | No para préstamo | Biblioteca de origen | Biblioteca actual | Ubicación en estantería | Fecha de adquisición | Fuente de adquisición | Total de préstamos | Signatura topográfica completa | Código de barras | Visto por última vez | Precio de reemplazo | Tipo de ítem Koha |
|---|---|---|---|---|---|---|---|---|---|---|---|---|---|---|---|
| Clasificación decimal universal | Biblioteca del Ateneo de Madrid | Biblioteca del Ateneo de Madrid | Depósito 1 | 20/08/2021 | Donación | A-14748 | 1202665 | 23/02/2023 | 23/02/2023 | Libro impreso |
